| 000 | 01074nam0a2200313 4500 | ||
|---|---|---|---|
| 001 | RU\NLR\bibl\1702857 | ||
| 005 | 20250616062258.0 | ||
| 010 |
_a978-5-17-069791-5 _bАСТ |
||
| 010 |
_a978-5-271-30378-4 _bАстрель _95000 |
||
| 021 |
_aRU _b2010-81562 _95433 |
||
| 035 | _a(nilc)RSL-KNO-004752067 | ||
| 035 | _a(NLR Aleph) 001693925 | ||
| 090 |
_a1178159 _c1178159 |
||
| 100 | _a20101025d2010 |||y0rusy50 ca | ||
| 101 | 0 | _arus | |
| 102 | _aRU | ||
| 105 | _ac zzzz||||| | ||
| 200 | 1 |
_aДревний _iКатастрофа _eфантастическая сага _fСергей Тармашев |
|
| 210 |
_aМосква _cАСТ _cАстрель _d2010 _eУльяновск _gУльяновский Дом печати |
||
| 215 |
_a308, [1] с. _cпортр. _d21 |
||
| 517 | 0 | _aКатастрофа | |
| 686 |
_aШ5(2=Р)75-644.5 _2rubbk |
||
| 700 | 1 |
_aТармашев _bС. С. _gСергей С. _4070 |
|
| 801 | 0 |
_aRU _bРГБ _c20101025 _grcr |
|
| 801 | 1 |
_aRU _bРГБ _c20101025 |
|
| 801 | 2 |
_aRU _bNLR _c20101120 _grcr |
|
| 942 | _cBOOK | ||
| 980 | _aNB | ||